[Event "Fagernes op"]
[Site "Fagernes"]
[Date "2021.10.17"]
[Round "9"]
[White "Martin, Julian"]
[Black "Dahl, Trygve"]
[Result "1-0"]
[WhiteElo "2396"]
[BlackElo "2249"]
[PlyCount "63"]
[EventDate "2021.10.10"]
[EventType "swiss"]
[EventRounds "9"]
[EventCountry "NOR"]
[SourceTitle "CBM 204 Extra"]
[Source "ChessBase"]
[SourceDate "2021.11.30"]
[SourceVersion "1"]
[SourceVersionDate "2021.11.30"]
[SourceQuality "1"]

1. e4 c5 2. Nf3 e6 3. d4 cxd4 4. Nxd4 a6 5. c4 Nf6 6. Nc3 Qc7 7. a3 Be7 8. Be3 d6 9. Be2 Nbd7 10. Rc1 b6 11. 0-0 Bb7 12. f3 0-0 13. b4 Rfe8 14. Qd2 Rac8 15. Rfd1 Qb8 16. Nb3 Bd8 17. Bf4 Ne5 18. Bxe5 dxe5 19. Qe3 h6 20. c5 bxc5 21. Nxc5 Bb6 22. Kh1 Red8 23. N3a4 Ba7 24. Qb3 Rd6 25. Rxd6 Qxd6 26. Rd1 Qc6 27. Qd3 Kh7 28. g3 h5 29. Qd6 a5 30. Qxe5 axb4 31. axb4 Bb8 32. Qg5 1-0

[Event "Sharjah Masters 4th"]
[Site "Sharjah"]
[Date "2021.09.23"]
[Round "7"]
[White "Martin, Julian"]
[Black "El Adnani, Mokliss"]
[Result "1-0"]
[WhiteElo "2391"]
[BlackElo "2428"]
[PlyCount "77"]
[EventDate "2021.09.17"]
[EventType "swiss"]
[EventRounds "9"]
[EventCountry "UAE"]
[SourceTitle "CBM 204 Extra"]
[Source "ChessBase"]
[SourceDate "2021.11.30"]
[SourceVersion "1"]
[SourceVersionDate "2021.11.30"]
[SourceQuality "1"]

1. e4 c5 2. Nf3 d6 3. d4 Nf6 4. Nc3 cxd4 5. Nxd4 Nc6 6. g3 Bg4 7. f3 Bd7 8. Be3 g6 9. Qd2 Bg7 10. 0-0-0 0-0 11. g4 Bxg4 12. fxg4 Nxg4 13. Nb3 a5 14. a4 Nxe3 15. Qxe3 Ne5 16. Bb5 Rc8 17. Qe2 e6 18. Kb1 Qb6 19. Rhf1 Rfd8 20. h3 Nc6 21. Na2 Na7 22. c3 Nxb5 23. Qxb5 Qxb5 24. axb5 a4 25. Na5 Rd7 26. c4 Rc5 27. Rc1 f5 28. exf5 gxf5 29. Nb4 Bh6 30. Rc2 f4 31. Nd3 Rf5 32. c5 dxc5 33. Nxc5 Rdd5 34. Naxb7 Bf8 35. b6 Bxc5 36. Nxc5 Rxc5 37. b7 Rb5 38. Rc8+ Rf8 39. Rxf4 1-0

[Event "Sharjah Masters 4th"]
[Site "Sharjah"]
[Date "2021.09.22"]
[Round "6"]
[White "Khademalsharieh, Sarasadat"]
[Black "Martin, Julian"]
[Result "1-0"]
[WhiteElo "2490"]
[BlackElo "2391"]
[PlyCount "107"]
[EventDate "2021.09.17"]
[EventType "swiss"]
[EventRounds "9"]
[EventCountry "UAE"]
[SourceTitle "CBM 204 Extra"]
[Source "ChessBase"]
[SourceDate "2021.11.30"]
[SourceVersion "1"]
[SourceVersionDate "2021.11.30"]
[SourceQuality "1"]

1. d4 Nf6 2. c4 g6 3. Nc3 d5 4. cxd5 Nxd5 5. e4 Nxc3 6. bxc3 Bg7 7. Nf3 c5 8. Bb5+ Nd7 9. 0-0 0-0 10. Re1 a6 11. Bf1 e5 12. d5 h6 13. a4 b6 14. Nd2 f5 15. Nc4 Qf6 16. Rb1 Rb8 17. Re2 Kh7 18. Reb2 fxe4 19. Be3 Qd8 20. Be2 h5 21. Nd6 Bh6 22. Bxh6 Kxh6 23. Nxe4 Nf6 24. Qd2+ Kg7 25. Nxf6 Qxf6 26. Qe3 Bf5 27. Rd1 Qd6 28. Bxa6 Bd7 29. Bb5 Bxb5 30. axb5 Ra8 31. Re2 Rf5 32. c4 Rf4 33. Qb3 Rd4 34. Rde1 h4 35. h3 Re8 36. Re4 Qf6 37. Qa2 Re7 38. f4 Rxe4 39. Rxe4 exf4 40. Qe2 Ra7 41. Qg4 f3 42. Qxf3 Ra1+ 43. Kh2 Qxf3 44. gxf3 g5 45. f4 Kf6 46. Re6+ Kf5 47. fxg5 Kxg5 48. Rxb6 Rc1 49. Rb8 Kf4 50. b6 Rc2+ 51. Kg1 Ke3 52. Re8+ Kf3 53. Rf8+ Kg3 54. b7 1-0

[Event "GER-chT Christmas U20"]
[Site "Playchess.com INT"]
[Date "2020.12.29"]
[Round "2.1"]
[White "Martin, Julian"]
[Black "Nguyen, Alex Dac Vuong"]
[Result "0-1"]
[WhiteElo "2387"]
[BlackElo "2307"]
[PlyCount "76"]
[EventDate "2020.12.29"]
[EventType "team-swiss (blitz)"]
[EventRounds "7"]
[EventCountry "GER"]
[SourceTitle "CBM 200 Extra"]
[Source "ChessBase"]
[SourceDate "2021.03.31"]
[SourceVersion "1"]
[SourceVersionDate "2021.03.31"]
[SourceQuality "1"]
[WhiteTeam "Baden-Baden"]
[BlackTeam "Leipzig SG"]
[WhiteTeamCountry "GER"]
[BlackTeamCountry "GER"]

1. e4 c6 2. d4 d5 3. e5 Bf5 4. Nf3 e6 5. Be2 Ne7 6. 0-0 c5 7. Be3 Nbc6 8. dxc5 Bg4 9. Nd4 Bxe2 10. Qxe2 Nxe5 11. Bf4 N5g6 12. Bg3 Nc6 13. Nxc6 bxc6 14. b4 a5 15. c3 Qf6 16. b5 Bxc5 17. bxc6 0-0 18. Nd2 Rfc8 19. Qb5 Qxc3 20. Nb3 Ba3 21. c7 a4 22. Rab1 axb3 23. Rxb3 Qc4 24. Qb7 Bf8 25. Rbb1 Nf4 26. Bxf4 Qxf4 27. Rfc1 Rxa2 28. Qb6 d4 29. Qb7 Qxf2+ 30. Kh1 Rc2 31. Rf1 R8xc7 32. Qa8 Qe2 33. Rfe1 Qc4 34. Qf3 Rc1 35. Rbxc1 Qxc1 36. Rd1 e5 37. h4 e4 38. Qg4 Qe3 0-1

[Event "BL2-Sued 1920"]
[Site "Germany"]
[Date "2020.02.08"]
[Round "7.6"]
[White "Martin, Julian"]
[Black "Poetsch, Hagen"]
[Result "1/2-1/2"]
[WhiteElo "2375"]
[BlackElo "2516"]
[PlyCount "119"]
[EventDate "2019.10.19"]
[EventType "team-tourn"]
[EventRounds "11"]
[EventCountry "GER"]
[SourceTitle "EXT 2023"]
[Source "ChessBase"]
[SourceDate "2022.10.05"]
[SourceVersion "1"]
[SourceVersionDate "2022.10.05"]
[SourceQuality "1"]
[WhiteTeam "Baden-Baden II"]
[BlackTeam "Heusenstamm"]
[WhiteTeamCountry "GER"]
[BlackTeamCountry "GER"]

1. e4 c5 2. Nf3 d6 3. Nc3 a6 4. g3 g6 5. d4 cxd4 6. Nxd4 Bg7 7. Bg2 Nf6 8. 0-0 0-0 9. h3 Nc6 10. Nde2 Bd7 11. a4 Rb8 12. Nd5 Nxd5 13. exd5 Na5 14. Ra2 e5 15. dxe6 Bxe6 16. b3 Nc6 17. c4 Qd7 18. Nf4 Be5 19. Nxe6 fxe6 20. Rd2 Rfd8 21. Ba3 Qc7 22. Kh2 d5 23. cxd5 exd5 24. f4 Bf6 25. Rxd5 Nd4 26. Bc5 Nf5 27. g4 b6 28. gxf5 bxc5 29. fxg6 hxg6 30. Qc2 Qf7 31. Rxc5 Kg7 32. Rf3 Rd7 33. Rg3 Rbd8 34. Qc4 Qxc4 35. Rxc4 Rd4 36. Be4 Rxc4 37. bxc4 g5 38. Bd5 Kh7 39. Re3 gxf4 40. Re6 Bd4 41. Rxa6 Rb8 42. Be4+ Kg7 43. Kg2 Rb3 44. Rg6+ Kf7 45. Rg5 Be3 46. Rf5+ Ke6 47. Rb5 Ra3 48. Bd5+ Kd6 49. a5 Bc5 50. h4 Rg3+ 51. Kh2 Rg4 52. h5 Rh4+ 53. Kg2 Rxh5 54. Kf3 Be3 55. a6 Rh1 56. Bb7 Rc1 57. Rb4 Ra1 58. Rb5 Ra4 59. Rd5+ Kc7 60. c5 1/2-1/2

[Event "BL2-Sued 1920"]
[Site "Germany"]
[Date "2020.02.07"]
[Round "4.6"]
[White "Korpa, Bence"]
[Black "Martin, Julian"]
[Result "1-0"]
[WhiteElo "2560"]
[BlackElo "2375"]
[PlyCount "41"]
[EventDate "2019.10.19"]
[EventType "team-tourn"]
[EventRounds "11"]
[EventCountry "GER"]
[SourceTitle "CBM 194 Extra"]
[Source "ChessBase"]
[SourceDate "2020.03.31"]
[SourceVersion "1"]
[SourceVersionDate "2020.03.31"]
[SourceQuality "1"]
[WhiteTeam "Emmendingen"]
[BlackTeam "Baden-Baden II"]
[WhiteTeamCountry "GER"]
[BlackTeamCountry "GER"]

1. Nf3 Nf6 2. g3 b6 3. Bg2 Bb7 4. 0-0 d5 5. d3 e6 6. Nbd2 Be7 7. e4 c5 8. Re1 0-0 9. e5 Nfd7 10. Nf1 Nc6 11. h4 b5 12. h5 a5 13. h6 g6 14. N1h2 a4 15. a3 b4 16. Bf4 Qc7 17. Qd2 c4 18. Bg5 Bxg5 19. Qxg5 cxd3 20. cxd3 Ndxe5 21. Qf6 1-0

[Event "BL2-Sued 1920"]
[Site "Germany"]
[Date "2019.12.07"]
[Round "5.5"]
[White "Lutz, Klaus Juergen"]
[Black "Martin, Julian"]
[Result "0-1"]
[WhiteElo "2240"]
[BlackElo "2375"]
[PlyCount "90"]
[EventDate "2019.10.19"]
[EventType "team-tourn"]
[EventRounds "11"]
[EventCountry "GER"]
[SourceTitle "CBM 194 Extra"]
[Source "ChessBase"]
[SourceDate "2020.03.31"]
[SourceVersion "1"]
[SourceVersionDate "2020.03.31"]
[SourceQuality "1"]
[WhiteTeam "Neuberg"]
[BlackTeam "Baden-Baden II"]
[WhiteTeamCountry "GER"]
[BlackTeamCountry "GER"]

1. e4 c5 2. Nf3 Nc6 3. c3 d5 4. exd5 Qxd5 5. d4 Bg4 6. Be2 Nf6 7. c4 Qf5 8. dxc5 e6 9. Be3 Bxc5 10. Nh4 Bb4+ 11. Nd2 Bxe2 12. Qxe2 Qe5 13. 0-0-0 0-0 14. f4 Qa5 15. Kb1 Rfd8 16. Nb3 Qa6 17. Nc5 Bxc5 18. Bxc5 Rac8 19. g4 b6 20. Bf2 Nd5 21. Qe4 Ncb4 22. a3 Rxc4 23. Bd4 Nc6 24. Nf3 Qa4 25. Rc1 Rxd4 26. Nxd4 Qxd4 27. Rhe1 Qxe4+ 28. Rxe4 Nce7 29. h3 a5 30. Rd4 g6 31. Re1 Rc8 32. f5 gxf5 33. gxf5 Nxf5 34. Rg1+ Kf8 35. Rdg4 Ke7 36. Rg5 Kf6 37. R5g4 b5 38. Re4 b4 39. axb4 axb4 40. Rf1 Rg8 41. Rg4 Rg6 42. Rd4 Rg3 43. h4 Ke5 44. Rc4 Nfe3 45. Re1 f5 0-1